| 000 | 01795cam a22004814a 4500 | ||
|---|---|---|---|
| 001 | 15387952 | ||
| 003 | OSt | ||
| 005 | 20140310182458.0 | ||
| 008 | 080729s2009 mauab b 101 0 eng | ||
| 010 | _a 2008033360 | ||
| 016 | 7 |
_a101480105 _2DNLM |
|
| 020 | _a0763749834 (pbk.) | ||
| 020 | _a9780763749835 (pbk.) | ||
| 035 | _a(OCoLC)237195081 | ||
| 035 | _a(OCoLC)ocn237195081 | ||
| 040 |
_aDNLM/DLC _cDLC _dNLM _dBAKER _dC#P _dYDXCP _dBWX _dCDX _dIXA _dDLC |
||
| 042 | _apcc | ||
| 050 | 0 | 0 | _aRA 771 .R62 2009 |
| 060 | 0 | 0 | _a2008 N-044 |
| 060 | 1 | 0 |
_aWA 18 _bL434 2009 |
| 100 | _aRoyeen, Charlotte Brasic | ||
| 245 | 0 | 0 |
_aLeadership in interprofessional health education and practice / _cCharlotte Brasic Royeen. |
| 260 |
_aUSA : _bJones and Bartlett Publishers, _cc2009. |
||
| 300 |
_a478 p. : _c23 cm. |
||
| 500 | _aIncludes bibliographical references and index. | ||
| 650 | 0 |
_aRural health services _vCongresses. _98519 |
|
| 650 | 0 |
_aInterdisciplinary approach in education _vCongresses. _98520 |
|
| 650 | 0 |
_aInterprofessional relations _vCongresses. _98521 |
|
| 650 | 0 |
_aLeadership _vCongresses. _98522 |
|
| 650 | 1 | 2 |
_aEducation, Professional _vCongresses. _98523 |
| 650 | 1 | 2 |
_aRural Health Services _vCongresses. _98524 |
| 650 | 2 | 2 |
_aCommunity Health Services _vCongresses. _98525 |
| 650 | 2 | 2 |
_aInterprofessional Relations _vCongresses. _98526 |
| 650 | 2 | 2 |
_aLeadership _vCongresses. _98527 |
| 700 | 1 | _aRoyeen, Charlotte Brasic. | |
| 700 | 1 |
_aJensen, Gail M. _98517 |
|
| 700 | 1 |
_aHarvan, Robin Ann. _98518 |
|
| 856 | 4 | 1 |
_3Table of contents only _uhttp://www.loc.gov/catdir/toc/ecip0824/2008033360.html |
| 906 |
_a7 _bcbc _corignew _d1 _eecip _f20 _gy-gencatlg |
||
| 942 |
_2lcc _cSSLC |
||
| 999 |
_c13766 _d13766 |
||